000 00611nam a2200229Ia 4500
003 OSt
005 20220926040947.0
006 a|||||r|||| 00| 0
007 ta
008 220923b |||||||| |||| 00| 0 eng d
037 _cGeneral Book
040 _aRTL
_cRTL
_beng
041 _2eng
_aeng
082 _aX4:1:N2, F2
110 _aLeague of Nations
_910770
245 0 _aGeneral transport situation in 1921, etc. 2V in 1
260 _c1922
650 _aTransport Economics
_9231607
700 _aLeague of Nations
_910771
942 _hX4:1:N2, F2
_cGB
_2CC
999 _c666051
_d666051